BIBLIOTECA

SENCICO

La seguridad Industrial, su administración / (Registro nro. 203)

Detalles MARC
000 -LEADER
fixed length control field 01808nam a2200253Ia 4500
003 - CONTROL NUMBER IDENTIFIER
control field PE SENCICO BE
005 - DATE AND TIME OF LATEST TRANSACTION
control field 20251020182429.0
008 - FIXED-LENGTH DATA ELEMENTS--GENERAL INFORMATION
fixed length control field 200515s9999 xx 000 0 und d
020 ## - INTERNATIONAL STANDARD BOOK NUMBER
International Standard Book Number 970-15-0205-1
040 ## - CATALOGING SOURCE
Original cataloging agency PE SENCICO BE
Transcribing agency PE SENCICO BE
041 ## - LANGUAGE CODE
Language code of text/sound track or separate title spa
082 ## - DEWEY DECIMAL CLASSIFICATION NUMBER
Classification number 363.11
Item number G82 1996
100 1# - MAIN ENTRY--PERSONAL NAME
Personal name Grimaldi, John V.
9 (RLIN) 2491
Relator term autor
245 #0 - TITLE STATEMENT
Title La seguridad Industrial, su administración /
Statement of responsibility, etc. John V. Grimaldi
250 ## - EDITION STATEMENT
Edition statement 2a ed.
260 ## - PUBLICATION, DISTRIBUTION, ETC.
Place of publication, distribution, etc. México, D.F. :
Name of publisher, distributor, etc. Alfaomega ;
Date of publication, distribution, etc. 1996
300 ## - PHYSICAL DESCRIPTION
Extent 743 p. :
Other physical details tbl., graf. ;
Dimensions 23 cm.
505 0# - FORMATTED CONTENTS NOTE
Formatted contents note Sección I. Avance de la seguridad: El problema -- Evolución de los conceptos modernos acerca de la seguridad -- Legislación laboral en el continente Americano y España -- Sección II. Dirección y administración de la seguridad. Efectos de la organización y administración -- Administración de la seguridad -- Análisis de costos -- Medición de la realización y motivación -- Análisis de la seguridad de los sistemas -- Sección III. Tecnología para el control de los riesgos. Distribución, diseño y manejo de materiales -- Maquinaria, recipientes a presión y puntos de operación -- Exposición a energía eléctrica y productos químicos -- Higiene industrial -- Radiación ionizante y no ionizante -- Protección personal -- Sección IV. Factores humanos. Selección, destino y capacitación del empleado -- Aspectos, psicología y ergonomía -- Sección V. Areas y profesionales relevantes. Seguridad de los productos -- Seguridad del ambiente -- Prevención de incendios y control de catástrofes -- Funciones auxiliares.
650 10 - SUBJECT ADDED ENTRY--TOPICAL TERM
Topical term or geographic name entry element Seguridad industrial
9 (RLIN) 96
650 20 - SUBJECT ADDED ENTRY--TOPICAL TERM
Topical term or geographic name entry element Gestión de riesgos
9 (RLIN) 888
650 20 - SUBJECT ADDED ENTRY--TOPICAL TERM
Topical term or geographic name entry element Administración de emergencias
9 (RLIN) 1750
700 1# - ADDED ENTRY--PERSONAL NAME
9 (RLIN) 2492
Personal name Simonds, Rollin H.
Relator term autor
942 ## - ADDED ENTRY ELEMENTS (KOHA)
Koha item type Libros
Source of classification or shelving scheme Dewey Decimal Classification
Existencias
Fecha de la última vez que lo usaron Número de ingreso o de inventario Pago total Signatura topográfica completa Código de barras Precio efectivo desde Tipo de documento Estado perdido Sistema de clasificación Estado dañado No es para préstamo Retirado Ubicación permanente Ubicación actual Fecha de adquisición
15/05/2020 12865   363.11/G82/1996 BibLima24070098 15/05/2020 Libros   Dewey Decimal Classification       Biblioteca Central Lima Biblioteca Central Lima 15/05/2020